Compendio de Historia Universal.

Guardado en:
Detalles Bibliográficos
Autor principal: Zabala Urdaniz, Manuel. Autor
Formato: Desconocido
Lenguaje:español
Publicado: Madrid Imp. Góngora Alvarez 1912
Edición:12ª
Catálogo:MANES:  Resultados de Búsqueda del Catálogo
Clasificación de libros de texto:
Etiquetas: Agregar Etiqueta
Sin Etiquetas, Sea el primero en etiquetar este registro!
Añadido a:2016-04-26
Cambiado en:2025-05-07

MARC

LEADER 000000000a22000000004500
001 11339
003 OSt
005 20250507134319.0
008 160427s sp ||||| |||| 00| 0 spa d
040 |c centro_manes 
041 1 |a spa 
561 |5 es-BUNED  |3 LT 0384  |a España. Fondo Manes UNED  |k MANES 
691 0 |a SE 
100 1 |a Zabala Urdaniz, Manuel. Autor  |9 5404 
245 0 0 |a Compendio de Historia Universal. 
250 |a 12ª 
260 3 |a Madrid  |b Imp. Góngora Alvarez  |c 1912 
300 |a 510 p.  |c 18 x 11,7 cm 
690 0 |a HI 
942 |2 ddc  |c BK 
546 |a España 
999 |c 17313  |d 17313 
999 |c manes:17313  |d 17313